| 000 | 00343nam a2200109Ia 4500 | ||
|---|---|---|---|
| 008 | 171204s9999 xx 000 0 und d | ||
| 245 | _aFinancial And Managerial Accounting: | ||
| 245 | _cBelverd E. Needles and Marian Powers | ||
| 260 | _c2013 | ||
| 650 | _xMANAGEMENT ACCOUNTING | ||
| 856 | _uhttp://down.ebook777.com/026/FinAndManAcc(10Edi.pdf | ||
| 999 |
_c347024 _d347024 |
||